000 00555nam a2200193Ia 4500
005 20250923144254.0
008 008 250917s9999 xx 000 0 eng d
037 _aTextual
040 _aDSWL
_beng
_cDSWL
041 _aeng
_2eng
084 _aY1:45:73:N3, H0
_qDSWL
100 _aCarlise, Shafer C
_9823078
245 0 _aLife, liberty and the pursuit of bread
_cby Carlise
260 _aNew York
_c1940
300 _a207 p.
700 _aC Shafer
_9823079
942 _cTEXL
_hY1:45:73:N3, H0
999 _c1436855
_d1436855